000 00690nam a2200241 a 4500
001 nice12345678
003 IN_TiNIC
005 20260116011914.0
008 050524s1976 laha grp 000 0 eng
020 _a
_c276
082 0 0 _a297.124
_bMUS
100 _aMuslim,
245 _aSahih Muslim
_b Being Traditions of the Sayings of the Prophet Muhammad as Na
260 _aLahore
_bSh.Muhammad Ashraf
_c1976
500 _aincludes index and biblioraphy
505 2 _aIllustrations,
505 2 _aIllustrations,00
_gV1.
_tSahih Muslim.--
_gV2.
_tSahih Muslim.--
_gV3.
_tSahih Muslim.--
_g
650 _aHadith
700 1 _aMuslim,
902 _bRHR
942 _cBK
999 _c4847
_d4847